| 000 | 01627nam a2200217Ia 4500 | ||
|---|---|---|---|
| 003 | Ost | ||
| 005 | 20260507075447.0 | ||
| 008 | 260507s9999||||xx |||||||||||||| ||und|| | ||
| 040 | _cfsecg | ||
| 041 | _aara | ||
| 082 | _a510 | ||
| 100 |
_aابورحمة، اشرف حسين _eمؤلف |
||
| 245 | 0 |
_aالرياضيات الحديثة : _bالمتجهات والعدديات-الاحدثيات،المنحنيات والمعدلات-التكامل العددي-الاعداد-قوانين مثلثية / _c اشرف حسين ابورحمة |
|
| 260 |
_aعمان: _bدار صفاء, _c2008 |
||
| 300 | _a238 صفحة؛ | ||
| 504 | _aبيبليوغرافيا ص.237 | ||
| 520 | _aمنذ القدم والرياضيات تعرف بأم العلوم وأطلقوا عليها أسماء كثيرة مثل ملكة العلوم وقيصرة العلوم إلى آخره من الأسماءالتي تبرز دور الرياضيات وأهميتها وأنطلاقا من الأهمية البالغة لهذا العلم الذي يدخل في جميع مناحي الحياة وإن هذه المادة هي متتطلب أجباري لمعظم التخصصات في الجامعات والكليات فقد ضم هذا الكتاب في طياته فصو رئيسية تناولت المواضيع التالية : المتجهات والعدديات. -الاحدثيات. -المنحنيات والمعادلات. -التكامل العددي. -الاعداد .-قوانين مثلثية | ||
| 653 | _aالاحتمالات ، المنحنيات والمعادلات | ||
| 653 | _aالرياضيات | ||
| 942 | _cكتاب | ||
| 999 |
_c44594 _d44594 |
||